| 000 | 00558cam a22002171 4500 | ||
|---|---|---|---|
| 001 | ne 67000335 | ||
| 003 | DLC | ||
| 005 | 20260227111829.0 | ||
| 008 | 890619s1966 xx 000 0 ara | ||
| 010 | _ane 67000335 | ||
| 035 | _a(OCoLC)23484072 | ||
| 040 |
_aDLC _cMiU _dDLC |
||
| 042 | _apremarc | ||
| 050 | 0 | 0 |
_aDT76.9.K5 _bM3 |
| 100 | 1 | _aMaḥmūd, Ḥasan Aḥmad | |
| 245 | 1 | 3 | _aal-Kindī, al-muʼarrikh. |
| 260 | _c[1966] | ||
| 300 |
_a206 p. _c20 cm. |
||
| 500 | _aRomanized. | ||
| 600 | 1 | 0 |
_aKindī, Abū ʻUmar Muḥammad ibn Yūsuf, _d897-961. |
| 999 |
_c49396 _d49396 |
||